QUALITATIVE RESEARCH IN PSYCHOLOGY-4 RESEARCH METHODS (Record no. 2559)

MARC details
000 -LEADER
fixed length control field 00365nam a2200145Ia 4500
008 - FIXED-LENGTH DATA ELEMENTS--GENERAL INFORMATION
fixed length control field 220530s9999 xx 000 0 und d
020 ## - INTERNATIONAL STANDARD BOOK NUMBER
International Standard Book Number 9788126649426
100 ## - MAIN ENTRY--PERSONAL NAME
Personal name IGNOU
9 (RLIN) 61365
245 ## - TITLE STATEMENT
Title QUALITATIVE RESEARCH IN PSYCHOLOGY-4 RESEARCH METHODS
250 ## - EDITION STATEMENT
Edition statement FIRST
260 ## - PUBLICATION, DISTRIBUTION, ETC. (IMPRINT)
Place of publication, distribution, etc. NAGPUR
Name of publisher, distributor, etc. IGNOU
Date of publication, distribution, etc. 2017
300 ## - PHYSICAL DESCRIPTION
Extent 100
650 ## - SUBJECT ADDED ENTRY--TOPICAL TERM
Topical term or geographic name as entry element RESEARCH
9 (RLIN) 61366
Holdings
Withdrawn status Lost status Damaged status Not for loan Home library Current library Date acquired Vendor Cost, normal purchase price Barcode Date last seen Bill Date Koha item type Original Barcode
        Sitabai Nargundkar College of Nursing Nagpur Sitabai Nargundkar College of Nursing Nagpur 31/03/2017 2017-03-31 100.00 SNCN-BK-1869 05/05/2023 31/05/2022 Donated Book 1869